Carte des noms des villes de l'Essonne - Statistiques

Statistiques générales
  • Ce quiz a été pris 3 781 fois
  • Le résultat moyen est 44 sur 194
Réponses sur la Carte
Les réponses sont colorées sur une échelle allant du rouge au vert en fonction du pourcentage des utilisateurs qui les ont devinées à leur premier essai. Vous pouvez retrouver ces pourcentages ci-dessous.
 
Statistiques - réponses
VILLES % Correct
Evry-Courcouronnes
91%
Massy
82%
Etampes
81%
Corbeil-Essonnes
79%
Palaiseau
76%
Brétigny-sur-Orge
70%
Grigny
70%
Juvisy-sur-Orge
70%
Savigny-sur-Orge
69%
Arpajon
63%
Ris-Orangis
63%
Sainte-Geneviève-des-Bois
63%
Dourdan
62%
Athis-Mons
60%
Les Ulis
59%
Orsay
57%
Viry-Châtillon
57%
Saint-Michel-sur-Orge
56%
Gif-sur-Yvette
54%
Longjumeau
54%
Yerres
53%
Draveil
48%
Fleury-Mérogis
47%
Brunoy
46%
Epinay-sur-Orge
45%
Morsang-sur-Orge
44%
Chilly-Mazarin
42%
Mennecy
42%
Saclay
42%
Montgeron
41%
Villebon-sur-Yvette
41%
Linas
39%
Vigneux-sur-Seine
39%
Bondoufle
38%
Igny
38%
Bures-sur-Yvette
37%
Etréchy
37%
Montlhéry
37%
Morangis
37%
Saint-Germain-lès-Arpajon
36%
Wissous
36%
Lisses
34%
Marcoussis
34%
Paray-Vieille-Poste
34%
Egly
33%
Lardy
33%
La Ville-du-Bois
33%
Ballancourt-sur-Essonne
32%
Breuillet
32%
Marolles-en-Hurepoix
31%
Verrières-le-Buisson
31%
Milly-la-Forêt
30%
Villabé
30%
Angerville
29%
Bièvres
28%
La Ferté-Alais
28%
La Norville
28%
Quincy-sous-Sénart
28%
Vert-le-Grand
28%
Vert-le-Petit
28%
Chamarande
27%
Crosne
27%
Ballainvilliers
26%
Longpont-sur-Orge
26%
Saint-Chéron
26%
Villiers-sur-Orge
26%
Boussy-Saint-Antoine
25%
Epinay-sous-Sénart
25%
Limours
25%
Itteville
24%
Soisy-sur-Seine
24%
Villemoisson-sur-Orge
24%
Etiolles
23%
Le Plessis-Pâté
23%
Saint-Germain-lès-Corbeil
23%
Saint-Pierre-du-Perray
23%
Champlan
22%
Tigery
22%
Bouray-sur-Juine
21%
Briis-sous-Forges
21%
Bruyères-le-Châtel
21%
Nozay
21%
Avrainville
20%
Leuville-sur-Orge
20%
Maisse
20%
Ollainville
20%
Ormoy
20%
Boutigny-sur-Essonne
19%
Gometz-la-Ville
19%
Saulx-les-Chartreux
19%
Sermaise
19%
Vauhallan
19%
Morigny-Champigny
18%
Villejust
18%
Boissy-sous-Saint-Yon
17%
Janvry
17%
Le Coudray-Montceaux
17%
Saint-Vrain
17%
Le Mérévillois
16%
Villeneuve-sur-Auvers
16%
Cerny
15%
Cheptainville
15%
Saint-Aubin
15%
Saintry-sur-Seine
15%
Angervilliers
14%
Leudeville
14%
Saint-Cyr-sous-Dourdan
14%
Saint-Jean-de-Beauregard
14%
Soisy-sur-Ecole
14%
Champcueil
13%
Forges-les-Bains
13%
Saclas
13%
Varennes-Jarcy
13%
Buno-Bonnevaux
12%
Chalo-Saint-Mars
12%
Gometz-le-Châtel
12%
Janville-sur-Juine
12%
Saint-Yon
12%
Boigneville
11%
Echarcon
11%
Fontenay-lès-Briis
11%
Les Molières
11%
Morsang-sur-Seine
11%
Boissy-le-Cutté
10%
Chevannes
10%
Dannemois
10%
Fontenay-le-Vicomte
10%
Gironville-sur-Essonne
10%
Guibeville
10%
Abbéville-la-Rivière
9%
Auvernaux
9%
Baulne
9%
Boullay-lès-Troux
9%
Bouville
9%
Breux-Jouy
9%
Monnerville
9%
Pussay
9%
Roinville
9%
Torfou
9%
Auvers-Saint-Georges
8%
Boissy-la-Rivière
8%
Boissy-le-Sec
8%
Brières-les-Scellés
8%
Corbreuse
8%
Courances
8%
Courdimanche-sur-Essonne
8%
Guillerval
8%
Saint-Maurice-Montcouronne
8%
Vaugrigneuse
8%
Villiers-le-Bâcle
8%
Boutervilliers
7%
Courson-Monteloup
7%
D'Huison-Longueville
7%
Les Granges-le-Roi
7%
Le Val-Saint-Germain
7%
Mérobert
7%
Mondeville
7%
Ormoy-la-Rivière
7%
Pecqueuse
7%
Saint-Sulpice-de-Favières
7%
Villeconin
7%
Authon-la-Plaine
6%
Blandy
6%
Chatignonville
6%
Chauffour-lès-Etréchy
6%
La Forêt-le-Roi
6%
Mauchamps
6%
Moigny-sur-Ecole
6%
Nainville-les-Roches
6%
Oncy-sur-Ecole
6%
Saint-Hilaire
6%
Souzy-la-Briche
6%
Valpuiseaux
6%
Arrancourt
5%
Bois-Herpin
5%
Brouy
5%
Chalou-Moulineux
5%
Champmotteux
5%
Guigneville-sur-Essonne
5%
La Forêt-Sainte-Croix
5%
Mespuits
5%
Saint-Escobille
5%
Vayres-sur-Essonne
5%
Videlles
5%
Congerville-Thionville
4%
Fontaine-la-Rivière
4%
Marolles-en-Beauce
4%
Orveau
4%
Plessis-Saint-Benoist
4%
Prunay-sur-Essonne
4%
Puiselet-le-Marais
4%
Richardville
4%
Roinvilliers
4%
Saint-Cyr-la-Rivière
4%
Aucun quiz correspondant
Distribution des résultats
% des personnes avec chaque résultat
Percentile par nombre de réponses
Votre historique - résultats
Vous n’avez pas pris ce quiz